000 00634cam a2200217u 4500
999 _c20432
_d20432
001 8900591
003 BDDh-ASL
005 20231015025904.0
008 820929s1961 ilu 000 0 eng
010 _a 61012986
040 _aDLC
_cCarP
_dDLC
_dBDDh-ASL
050 0 0 _aHN40.M6
_bW3 1961
082 _a297.09
_bWAI
100 1 _aWatt, W. Montgomery
_q(William Montgomery)
245 0 0 _aIslam and the integration of society /
260 _aLondon:
_bRoutledge & Kegan Paul,
_c1961
300 _aix, 293, 13 p.
_c23 cm.
650 0 _aIslamic sociology.
906 _a0
_bcbc
_cpremunv
_du
_encip
_f19
_gy-gencatlg
942 _2ddc
_cBK